| 000 | 00858nam a2200229 i 4500 | ||
|---|---|---|---|
| 001 | 65368 | ||
| 003 | ES-MaACL | ||
| 005 | 20250827050747.0 | ||
| 008 | 040112s1926 sp abf |||| | spa d | ||
| 100 | 1 |
_aFranco, Ramón, _d1896-1938 _952245 |
|
| 245 | 1 | 0 |
_aDe Palos al Plata / _cpor R. Franco y J. Ruiz de Alda. |
| 260 |
_aMadrid : _bEspasa-Calpe, _c1926. |
||
| 300 |
_a294 p., [26] h. de lám., [16] h. de mapas : _bil., map. ; _c20 cm. |
||
| 530 | _aDisponible en formato digital. | ||
| 600 | 1 | 4 |
_aFranco, Ramón, _d1896-1938 _952245 |
| 650 | 7 |
_aViajes aéreos _2embne _9147946 |
|
| 700 | 1 |
_aRuiz de Alda, Julio. _9205326 |
|
| 852 |
_aES-MaACL _jF-5321 _cDEPO2 _zRevisado enlace: 21 de julio de 2025 |
||
| 856 | 4 |
_uhttp://bdh-rd.bne.es/viewer.vm?id=0000251159&page=1 _yBiblioteca Digital Hispánica |
|
| 942 | _2udc | ||
| 999 |
_c65368 _d65368 |
||